LEADER 03216nam 2200697 a 450 001 9910461669203321 005 20200520144314.0 010 $a0-8135-5198-6 024 7 $a10.36019/9780813551982 035 $a(CKB)2670000000154949 035 $a(EBL)861447 035 $a(OCoLC)777375646 035 $a(SSID)ssj0000581001 035 $a(PQKBManifestationID)11343466 035 $a(PQKBTitleCode)TC0000581001 035 $a(PQKBWorkID)10531486 035 $a(PQKB)10249728 035 $a(MiAaPQ)EBC861447 035 $a(MdBmJHUP)muse17466 035 $a(DE-B1597)526469 035 $a(OCoLC)1121022620 035 $a(DE-B1597)9780813551982 035 $a(Au-PeEL)EBL861447 035 $a(CaPaEBR)ebr10535582 035 $a(CaONFJC)MIL358767 035 $a(EXLCZ)992670000000154949 100 $a20101203d2011 uy 0 101 0 $aeng 135 $aur|n|---||||| 181 $ctxt 182 $cc 183 $acr 200 10$a21st century Hollywood$b[electronic resource] $emovies in the era of transformation /$fWheeler Winston Dixon and Gwendolyn Audrey Foster 210 $aNew Brunswick, N.J. $cRutgers University Press$dc2011 215 $a1 online resource (233 p.) 300 $aDescription based upon print version of record. 311 $a0-8135-5125-0 311 $a0-8135-5124-2 320 $aIncludes bibliographical references and index. 327 $aThe digital century -- Constructing an audience -- Globalization of the moving image -- The new auteurs -- The moving image is everywhere. 330 $aThey are shot on high-definition digital cameras-with computer-generated effects added in postproduction-and transmitted to theaters, websites, and video-on-demand networks worldwide. They are viewed on laptop, iPod, and cell phone screens. They are movies in the 21st century-the product of digital technologies that have revolutionized media production, content distribution, and the experience of moviegoing itself. 21st-Century Hollywood introduces readers to these global transformations and describes the decisive roles that Hollywood is playing in determining the digital future for world cinema. It offers clear, concise explanations of a major paradigm shift that continues to reshape our relationship to the moving image. Filled with numerous detailed examples, the book will both educate and entertain film students and movie fans alike. 517 3 $aTwenty-first century Hollywood 606 $aMotion pictures$zUnited States$xHistory$y21st century 606 $aMotion picture industry$xTechnological innovations 606 $aDigital cinematography 606 $aDigital media$xInfluence 608 $aElectronic books. 615 0$aMotion pictures$xHistory 615 0$aMotion picture industry$xTechnological innovations. 615 0$aDigital cinematography. 615 0$aDigital media$xInfluence. 676 $a791.430973 700 $aDixon$b Wheeler W.$f1950-$01006109 701 $aFoster$b Gwendolyn Audrey$0938366 801 0$bMiAaPQ 801 1$bMiAaPQ 801 2$bMiAaPQ 906 $aBOOK 912 $a9910461669203321 996 $a21st century Hollywood$92471623 997 $aUNINA LEADER 01193nam 2200349 a 450 001 9910697053303321 005 20230902162125.0 035 $a(CKB)5470000002384369 035 $a(OCoLC)608050641 035 $a(EXLCZ)995470000002384369 100 $a20100420d2008 ua 0 101 0 $aeng 135 $aurmn||||||||| 181 $ctxt$2rdacontent 182 $cc$2rdamedia 183 $acr$2rdacarrier 200 00$aGenomics and its impact on science and society$b[electronic resource] $ethe Human Genome Project and beyond 210 1$a[Oak Ridge, Tenn.?] :$cU.S. Dept. of Energy, Office of Science,$d[2008] 215 $a1 online resource (12 pages) $ccolor illustrations 300 $aTitle from title screen (viewed on Apr. 20, 2010). 300 $a"June 2008." 300 $a"DOE/SC-0083." 517 $aGenomics and its impact on science and society 606 $aHuman gene mapping 615 0$aHuman gene mapping. 712 02$aUnited States.$bDepartment of Energy.$bOffice of Science. 801 0$bGPO 801 1$bGPO 906 $aBOOK 912 $a9910697053303321 996 $aGenomics and its impact on science and society$93519369 997 $aUNINA LEADER 03374nam 2200589 a 450 001 9910778317503321 005 20200520144314.0 010 $a1-84755-032-0 035 $a(CKB)1000000000791315 035 $a(EBL)1185237 035 $a(SSID)ssj0000379190 035 $a(PQKBManifestationID)11258887 035 $a(PQKBTitleCode)TC0000379190 035 $a(PQKBWorkID)10355273 035 $a(PQKB)11277961 035 $a(MiAaPQ)EBC1185237 035 $a(Au-PeEL)EBL1185237 035 $a(CaPaEBR)ebr10621290 035 $a(CaONFJC)MIL872236 035 $a(OCoLC)843640793 035 $a(PPN)198466641 035 $a(EXLCZ)991000000000791315 100 $a20060105d2002 uy 0 101 0 $aeng 135 $aur|n|---||||| 181 $ctxt 182 $cc 183 $acr 200 10$aCarbohydrate bioengineering$b[electronic resource] $einterdisciplinary approaches /$fedited by Tuula T. Teeri ... [et al.] 210 $aCambridge, U.K. $cRoyal Society of Chemistry$dc2002 215 $a1 online resource (208 p.) 225 1 $aSpecial publication ;$vno. 275 300 $a"Proceedings of the 4th Carbohydrate Bioengineering Meeting, held on the 10-13 June 2001 at the Royal Institute of Technology, Stockholm, Sweden"--T.p. verso. 311 $a0-85404-826-X 320 $aIncludes bibliographical references and index. 327 $aBK9780854048267-FX001; 9780854048267txt; BK9780854048267-FP001; BK9780854048267-FP005; BK9780854048267-FP007; BK9780854048267-00001; BK9780854048267-00003; BK9780854048267-00009; BK9780854048267-00011; BK9780854048267-00019; BK9780854048267-00028; BK9780854048267-00034; BK9780854048267-00042; BK9780854048267-00049; BK9780854048267-00057; BK9780854048267-00065; BK9780854048267-00067; BK9780854048267-00076; BK9780854048267-00082; BK9780854048267-00087; BK9780854048267-00089; BK9780854048267-00099; BK9780854048267-00106; BK9780854048267-00113; BK9780854048267-00125; BK9780854048267-00127 327 $aBK9780854048267-00135BK9780854048267-00143; BK9780854048267-00151; BK9780854048267-00153; BK9780854048267-00160; BK9780854048267-00169; BK9780854048267-00171; BK9780854048267-00178; BK9780854048267-00186; BK9780854048267-00194 330 $aCarbohydrate bioengineering is a rapidly expanding field with many applications in medicine and industry. Presenting state-of-the-art research, Carbohydrate Bioengineering: Interdisciplinary Approaches brings together international experts on many different aspects of this burgeoning topic.Coverage includes: the engineering of glycosidases for constructive purposes; structure-function studies and protein engineering of carbohydrate-active enzymes; chemo-enzymatic carbohydrate synthesis; and trends emerging from comprehensive work on genomes and glycomes.This timely publication will be welcomed 410 0$aSpecial publication (Royal Society of Chemistry (Great Britain)) ;$vno. 275. 606 $aCarbohydrates$xBiotechnology 615 0$aCarbohydrates$xBiotechnology. 676 $a572.56 701 $aTeeri$b Tuula T$01525120 712 02$aRoyal Society of Chemistry (Great Britain) 712 12$aCarbohydrate Bioengineering Meeting 801 0$bMiAaPQ 801 1$bMiAaPQ 801 2$bMiAaPQ 906 $aBOOK 912 $a9910778317503321 996 $aCarbohydrate bioengineering$93766257 997 $aUNINA